000 00411nam a2200145Ia 4500
008 210210b2001 xxu||||| |||| 00| 0 eng d
082 _a796.342 DATC
100 _aDATTA (P K).
245 _aCentury of indian tennis.
260 _aNew Delhi.
_bPublication Division Ministry of Information & Broadcasting
_c2001
300 _a215
650 _aTennis
690 _aAthletic & Outdoor Sports
906 _a057929
999 _c105455
_d105455